书目信息 |
| 题名: |
非平衡品界偏聚动力和晶间脆性断裂
|
|
| 作者: | 徐庭栋 著 | |
| 分册: | ||
| 出版信息: | 北京 科学出版社 2006.09 |
|
| 页数: | 164页 | |
| 开本: | 24cm | |
| 丛书名: | 华夏英才基金学术文库 | |
| 单 册: | ||
| 中图分类: | O751 | |
| 科图分类: | ||
| 主题词: | 非晶态 | |
| 电子资源: | ||
| ISBN: | 7-03-017208-6 | |
| 000 | 00670 nam 000229 | |
| 001 | 0100002029 | |
| 005 | 20070902091939.89 | |
| 010 | @a7-03-017208-6@dCNY30.00 | |
| 100 | @a20070806d2006 em y0chiy0121 ea | |
| 101 | @achi | |
| 102 | @aCN@b110000 | |
| 105 | @ay z 000yy | |
| 200 | 10 | @a非平衡品界偏聚动力和晶间脆性断裂@9fei ping heng pin jie pian ju dong li he jing jian cui xing duan lie@f徐庭栋著@Fxu ting dong zhu |
| 210 | @a北京@c科学出版社@d2006.09 | |
| 215 | @a164页@d24cm | |
| 225 | @a华夏英才基金学术文库 | |
| 606 | @a非晶态 | |
| 690 | @aO751@v4 | |
| 701 | 0 | @a徐庭栋@9xu ting dong@4著 |
| 801 | @aCN@c20070902 | |
| 901 | @a000003 | |
| 905 | @dO751@eX810 | |
| 非平衡品界偏聚动力和晶间脆性断裂/徐庭栋著.-北京:科学出版社,2006.09 |
| 164页;24cm.-(华夏英才基金学术文库) |
| ISBN 7-03-017208-6:CNY30.00 |
| ● |
| 相关链接 |
|
|
|
正题名:非平衡品界偏聚动力和晶间脆性断裂
索取号:O751/X810
 
预约/预借
| 序号 | 登录号 | 条形码 | 馆藏地/架位号 | 状态 | 备注 |
| 1 | 644378 | 206443785 | 自科库401/401自科库 66排4列4层/ [索取号:O751/X810] | 在馆 | |
| 2 | 644379 | 206443794 | 自科库401/401自科库 66排4列4层/ [索取号:O751/X810] | 在馆 |